Responses for show #6706 - Monday, November 11, 2013

2013 Teachers Tournament quarterfinal game 1.

Contestants

Rico Vazquez, a band teacher from Elmhurst, Illinois

Katie Moriarty, a 5th grade teacher from Cincinnati, Ohio

Anne Baxter, a kindergarten French teacher from Ypsilanti, Michigan

Jeopardy! Round responses

BIBLICAL WHO'S WHO
LIGHTS, CAMERA, ACTION FILM!
ANAGRAMMED SCHOOL SUBJECTS
AWARDS & HONORS
STATE CAPITALS
CARBONATION NATION
    $200 1
John the Baptist

Rico
    $200 16
Mission: Impossible

Rico
    $200 2
biology

Katie
    $200 11
the Tonys

Katie
    $200 21
(Rico: Who was Sherman?)

Jackson (Mississippi)

KatieRico
    $200 26
Dr Pepper

Katie
    $400 7
David

Anne
    $400 17
Ventura & Schwarzenegger

Rico
    $400 3
geography

Anne
    $400 12
(Rico: What is the Caldecott?)

the Newbery

AnneRico
    $400 22
(Anne: What is Sacramento?)

Honolulu

AnneKatie
    $400 27
7-Up

Anne
    $600 8
Mary Magdalene

Anne
    $600 18
Vin Diesel

Katie
    $600 4
algebra

Katie
    $600 13
(Peter) Higgs

Katie
    $600 23
Montpelier

Anne
    $600 28
A&W

Katie
    $800 9
Simon Peter

Anne
    $800 19
Machete

Rico
    $800 5
statistics

Katie
    $800 14
(Anne: Who was Orson Welles?)
...
(Alex: He had an office on this lot.)

Irving Thalberg

Anne
Triple Stumper
    $800 24
Baton Rouge

Anne
    $800 29
Mr. Pibb

Rico
    $1000 10
Rachel

Katie
    $1000 20
John McClane

Katie
    $1000 6
anthropology

Anne
    $1000 15
(Anne Baxter's class at the Foreign Language Immersion & Cultural Studies School: Bonne chance, Madame Baxter ! Allez, allez, allez !)

Sibelius

Rico
    $3,800 25
Boise

Anne
    $1000 30
(Katie Moriarty's students at Wyoming Middle School: Good luck on Jeopardy!, Ms. Moriarty!)
[Cheers and applause]

Monster

Rico

Scores at the first commercial break (after clue 15):

Anne Katie Rico
$2,800 $3,400 $800

Scores at the end of the Jeopardy! Round:

Anne Katie Rico
$8,000 $6,400 $3,800

Double Jeopardy! Round responses

LITERARY PRINCIPALS & TEACHERS
AMPHIBIANS
THOSE "R" THE TOP 10 HITS
OLD PAINT
IT'S ALL POLITICS
MORE VOWELS
(Alex: Each correct response will have [*] than consonants.)
    $400 6
Dumbledore

Katie
    $400 13
pollywogs

Katie
    $400 1
"Rehab"

Rico
    $400 11
Grant Wood

Anne
    $400 17
the State of the Union Address

Anne
    $400 22
an idea

Katie
    $800 7
Ichabod Crane

Anne
    $800 27
the tail

Triple Stumper
    $800 2
"Rock This Town"

Rico
    $800 12
Venus

Rico
    $800 18
Illinois

Katie
    $800 23
aloe

Katie
    $1200 8
(Katie: Who is Miss Brodie?)

The Prime of Miss Jean Brodie

AnneKatie
    $1200 28
a chorus

Anne
    $1200 3
"Rocky Mountain High"

Katie
    $1200 14
Andrew Wyeth

Triple Stumper
    $3,000 19
(Alex: Nothing?)
(Katie: [Shakes head] The anti-ratifiers?)

the anti-federalists

Katie
    $1200 24
lieu

Anne
    $1600 9
(Anne: What is Blackboard Jungle?)

To Sir, with Love

Anne
Triple Stumper
    $1600 29
the Congo eel

Triple Stumper
    $1600 4
"Reunited"

Katie
    $3,000 15
van Dyck

Katie
    $1600 20
Marco Rubio

Katie
    $1600 25
an axiom

Triple Stumper
    $2000 10
Nicholas Nickleby

Triple Stumper
    $2000 30
a mudpuppy

Triple Stumper
    $2000 5
"Right Here, Right Now"

Triple Stumper
    $2000 16
Thomas Hart Benton

Triple Stumper
    $2000 21
normalcy

Anne
    $2000 26
[Groans from the audience over the pun]
(Alex: Hey, I don't write 'em, I just read 'em. Leave me alone.)

a trainee

Triple Stumper

Scores at the end of the Double Jeopardy! Round:

Anne Katie Rico
$13,600 $12,400 $5,800

Final Jeopardy! Round responses

2013 NEWSMAKERS
(Alex: Swam from Cuba to the United States.)
RicoWho is nyad?
$5,600
KatieWho is Diana Nyad?
$4,000
AnneWho is Diana Nayad?
$11,201
Diana Nyad

Final scores:

Anne Katie Rico
$24,801 $16,400 $11,400
Automatic semifinalist 2nd place: $5,000 if eliminated 3rd place: $5,000 if eliminated

Game dynamics:

Coryat scores:

Anne Katie Rico
$10,800 $14,000 $5,800
17 R
(including 1 DD),
3 W
21 R
(including 1 DD),
2 W
(including 1 DD)
10 R,
2 W

Combined Coryat: $30,600

The J! Archive is created by fans, for fans. The Jeopardy! game show and all elements thereof, including but not limited to copyright and trademark thereto, are the property of Jeopardy Productions, Inc. and are protected under law. This website is not affiliated with, sponsored by, or operated by Jeopardy Productions, Inc. Join the discussion at JBoard.tv.